| 000 | 00445nam a2200145Ia 4500 | ||
|---|---|---|---|
| 008 | 230312s9999||||xx |||||||||||||| ||und|| | ||
| 082 |
_a331.72 _bAHM |
||
| 100 | _aProf. Saghir Ahmad | ||
| 245 | 0 | _aGateway to successful career & life planning | |
| 260 |
_bKitabistan paper Products _aLahore _c2003 |
||
| 300 | _a48 | ||
| 546 | _aEng. | ||
| 650 |
_aManagement _vIntroduction, Open letter to Studentsntroduction, Open letter to Students |
||
| 942 | _cBK | ||
| 999 |
_c710 _d710 |
||